History Quiz

Random History or Discovery Quiz

Interesting Trivia: Explorers Quiz Stats

 Plays Quiz Updated Jul 1, 2019

Score 0/18 Timer 06:00
17 Plays Today
% Correct
Ketchup
94%
English
93.3%
Australia
93.1%
37 days
92.3%
Sir Walter Raleigh
92.3%
The Kama Sutra
91.1%
Christopher Columbus
90.9%
Venezuela
89.9%
Fear Island
89.4%
% Correct
Lake Disappointment
87%
His own feces
86.5%
A mammoth
85.8%
The 'Lost City of Z'
85.6%
A lunar eclipse
85.6%
A bull
84.8%
Mount Disappointment
79.4%
200 miles
79.4%
The polar ice caps
70.6%

You're not logged in!

Compare scores with friends on all Sporcle quizzes.
OR
Log In

Sporcle TV

Today on Sporcle TV


Watch our educational content, quiz creation guides, and fun videos on Sporcle TV.

Show Comments

Extras

Top Quizzes Today


Score Distribution

Your Account Isn't Verified!

In order to create a playlist on Sporcle, you need to verify the email address you used during registration. Go to your Sporcle Settings to finish the process.

Report this User

Report this user for behavior that violates our Community Guidelines.

Details: